11 Ways Not to Shout 'Shark!' Quiz Stats

 Plays Quiz Updated Jul 27, 2017

Support Sporcle.
Go Orange.
Score 0/11 Timer 01:00
1 Play Today
% Correct
Shirk
87.8%
Stark
85.3%
Spark
81.3%
Sharp
74.8%
Shard
72.7%
Shank
70%
Share
67.1%
Snark
65.7%
Shack
63.6%
Sharn
59.1%
Chark
53%

You're not logged in!

Compare scores with friends on all Sporcle quizzes.
OR
Log In
Forgot?

From the Vault

MLB All-Star Starting Pitchers (NL)

by ironsij0287

All-Star or not, these guys would be intimidating to face.
Remove Ads.
Support Sporcle.
Get the best of Sporcle when you Go Orange. This ad-free experience offers more features, more stats, and more fun while also helping to support Sporcle. Thank you for becoming a member.

Show Comments

Extras

Top Quizzes Today


Score Distribution

Your Account Isn't Verified!

In order to create a playlist on Sporcle, you need to verify the email address you used during registration. Go to your Sporcle Settings to finish the process.

Report this User

Report this user for behavior that violates our Community Guidelines.

Details: